00499nam a22001457a 4500020001800000082001400018100002200032245006000054260006100114300000800175650002100183942000700204952012500211999001700336 a9783374048427 a227.7 BEC aBecker, Eve-Marie aPauline Hermeneutics: Exploring the power of the Gospel aGeneva, SwitzerlandbThe Lutheran World Federationc2017 a182 aPauline Epistles cBK 00104070aHMIbHMIcGENd2017-06-05eThe Lutheran World Federationl0o227.7 BECp11003487r2026-01-16w2026-01-16yBK c20426d20426